<?xml version="1.0" encoding="UTF-8"?>
<record
    xmlns:xsi="http://www.w3.org/2001/XMLSchema-instance"
    xsi:schemaLocation="http://www.loc.gov/MARC21/slim http://www.loc.gov/standards/marcxml/schema/MARC21slim.xsd"
    xmlns="http://www.loc.gov/MARC21/slim">

  <leader>00786nam a2200205 i 4500</leader>
  <controlfield tag="001">58833</controlfield>
  <controlfield tag="003">ES-MaACL</controlfield>
  <controlfield tag="005">20230906163911.0</controlfield>
  <controlfield tag="007">t|</controlfield>
  <controlfield tag="008">031024s1948    sp           |||| | spa d</controlfield>
  <datafield tag="100" ind1="1" ind2=" ">
    <subfield code="a">Echevarr&#xED;a, Juli&#xE1;n.</subfield>
    <subfield code="9">46551</subfield>
  </datafield>
  <datafield tag="245" ind1="1" ind2="0">
    <subfield code="a">Chimberiana </subfield>
    <subfield code="b">: estampas l&#xED;ricas sobre motivos populares de principio de siglo / </subfield>
    <subfield code="c">Juli&#xE1;n Echevarr&#xED;a, Jos&#xE9; Luis Alb&#xE9;niz ; m&#xFA;sica del maestro Francisco Escudero ; pr&#xF3;logo de Joaqu&#xED;n Zuazagoitia.</subfield>
  </datafield>
  <datafield tag="260" ind1=" " ind2=" ">
    <subfield code="a">[Bilbao : </subfield>
    <subfield code="b">s.n., </subfield>
    <subfield code="c">1948] (</subfield>
    <subfield code="f">Art. Gr&#xE1;f. Grijelmo)</subfield>
  </datafield>
  <datafield tag="300" ind1=" " ind2=" ">
    <subfield code="a">90 p. : </subfield>
    <subfield code="b">il. ; </subfield>
    <subfield code="c">16 cm.</subfield>
  </datafield>
  <datafield tag="651" ind1=" " ind2="4">
    <subfield code="a">Bilbao-</subfield>
    <subfield code="x">Usos y costumbres.</subfield>
    <subfield code="9">168834</subfield>
  </datafield>
  <datafield tag="700" ind1="1" ind2=" ">
    <subfield code="a">Alb&#xE9;niz, Jos&#xE9; Luis.</subfield>
    <subfield code="9">19262</subfield>
  </datafield>
  <datafield tag="700" ind1="1" ind2=" ">
    <subfield code="a">Escudero, Francisco.</subfield>
    <subfield code="9">47681</subfield>
  </datafield>
  <datafield tag="700" ind1="1" ind2=" ">
    <subfield code="a">Zuazagoitia, Joaqu&#xED;n de.</subfield>
    <subfield code="9">118382</subfield>
  </datafield>
  <datafield tag="852" ind1=" " ind2=" ">
    <subfield code="a">ES-MaACL</subfield>
    <subfield code="j">D-7981</subfield>
  </datafield>
  <datafield tag="999" ind1=" " ind2=" ">
    <subfield code="c">58833</subfield>
    <subfield code="d">58833</subfield>
  </datafield>
  <datafield tag="952" ind1=" " ind2=" ">
    <subfield code="0">0</subfield>
    <subfield code="1">0</subfield>
    <subfield code="4">0</subfield>
    <subfield code="7">0</subfield>
    <subfield code="a">ATENEOM</subfield>
    <subfield code="b">ATENEOM</subfield>
    <subfield code="c">SVI</subfield>
    <subfield code="d">2008-01-17</subfield>
    <subfield code="e">SC</subfield>
    <subfield code="l">0</subfield>
    <subfield code="o">D-7981</subfield>
    <subfield code="p">901061719</subfield>
    <subfield code="r">2023-02-23 00:00:00</subfield>
    <subfield code="w">2023-02-23</subfield>
    <subfield code="y">MONOGRAFIA</subfield>
  </datafield>
</record>
